| 000 | 00911nam a22002417a 4500 | ||
|---|---|---|---|
| 003 | OSt | ||
| 005 | 20230127080003.0 | ||
| 008 | 220916b |||||||| |||| 00| 0 eng d | ||
| 020 | _a970 18 1376 6 | ||
| 040 | _cBiblioteca Lado V | ||
| 082 |
_a779 _bT689m |
||
| 100 |
_9664 _aTorre, Milagros de la _efotografa _eautora |
||
| 245 |
_aMilagrosdelatorre/ _bfotografía/ |
||
| 260 |
_aMexico _bMuseo de Arte Carrillo Gil _c1999 |
||
| 300 |
_a52p. _c17x22cm |
||
| 505 |
_tFotografía y Realidad _tLa Iconografía del presente _tUn posible grado cero _tEl mundo maqueta |
||
| 650 |
_2Tesauro de Arte & Arquitectura _aCATALOGO |
||
| 650 |
_2Tesauro de Arte & Arquitectura _aFOTOGRAFIA |
||
| 650 |
_2Tesauro de Arte & Arquitectura _aARTE |
||
| 650 |
_2Tesauro de Arte & Arquitectura _aBLANCO Y NEGRO |
||
| 700 |
_aVelasco Facio, Hector _eFotógrafo _ecolaborador |
||
| 942 |
_2ddc _c1 _h779 _iT689m _n0 |
||
| 999 |
_c2944 _d2944 |
||